Consumer Protection Law: (Record no. 187316)
[ view plain ]
| 000 -LEADER | |
|---|---|
| fixed length control field | 00737nam a22002057a 4500 |
| 005 - DATE AND TIME OF LATEST TRANSACTION | |
| control field | 20240513162721.0 |
| 010 ## - LCCN (DPL NO) | |
| LC control number | ENG-132278 |
| 020 ## - INTERNATIONAL STANDARD BOOK NUMBER | |
| Terms of availability | 360.00 |
| International Standard Book Number | 9789390912155 |
| 035 ## - SYSTEM CONTROL NUMBER | |
| System control number | EN-115810 |
| 037 ## - SOURCE OF ACQUISITION | |
| Source of stock number/acquisition | DBAD/PUB |
| 082 ## - DEWEY DECIMAL CLASSIFICATION NUMBER | |
| Classification number | 343.41071 |
| Edition number | First Edition |
| 100 ## - MAIN ENTRY--PERSONAL NAME | |
| Personal name | Amirtsetty, Raja Mogili |
| 245 ## - TITLE STATEMENT | |
| Title | Consumer Protection Law: |
| Remainder of title | Consumer protection Act,2019/ |
| Statement of responsibility, etc | Raja Mogili Amritsetty and M. Savithri Sravanthi |
| 250 ## - EDITION STATEMENT | |
| Edition statement | First Edition |
| 260 ## - PUBLICATION, DISTRIBUTION, ETC. (IMPRINT) | |
| Place of publication, distribution, etc | Hyderabad |
| Name of publisher, distributor, etc | S.P GOGIA |
| Date of publication, distribution, etc | 2021 |
| 270 ## - ADDRESS | |
| Address | Opp. High Court, Hyderabad |
| City | Hyderabad |
| Telephone number | 040-24526212 |
| Electronic mail address | asialawhouse12@gmail.com |
| 300 ## - PHYSICAL DESCRIPTION | |
| Extent | XI,328p. |
| Dimensions | 23.5cm.(pbk) |
| Other physical details | Subject Index |
| 700 ## - ADDED ENTRY--PERSONAL NAME | |
| Personal name | Sravanthi, Savithri |
| 9 (RLIN) | 66134 |
| 942 ## - ADDED ENTRY ELEMENTS (KOHA) | |
| Source of classification or shelving scheme | Dewey Decimal Classification |
| Item type | English Books |
| Call number suffix | AMI |
| Classification part | 343.41071 |
| Withdrawn status | Lost status | Not for loan | Collection code | Home library | Current library | Date acquired | Source of acquisition | Cost, normal purchase price | Full call number | Barcode | Copy number | Cost, replacement price | Koha item type |
|---|---|---|---|---|---|---|---|---|---|---|---|---|---|
| Non-fiction | Patel Nagar | Patel Nagar | 12/04/2022 | DBAD/PUB | 360.00 | 343.41071 AMI | EN-115810 | 1 | 360.00 | English Books |
